| 000 -LEADER |
| fixed length control field |
00847pam a2200253 a 4500 |
| 001 - CONTROL NUMBER |
| control field |
1071954 |
| 005 - DATE AND TIME OF LATEST TRANSACTION |
| control field |
20180308073336.0 |
| 008 - FIXED-LENGTH DATA ELEMENTS--GENERAL INFORMATION |
| fixed length control field |
911024s1992 nyu 001 0 eng |
| 010 ## - LIBRARY OF CONGRESS CONTROL NUMBER |
| LC control number |
91040175 |
| 020 ## - INTERNATIONAL STANDARD BOOK NUMBER |
| International Standard Book Number |
0824044304 |
| 040 ## - CATALOGING SOURCE |
| Original cataloging agency |
DLC |
| Transcribing agency |
DLC |
| Modifying agency |
DLC |
| 041 ## - LANGUAGE CODE |
| Language code of text/sound track or separate title |
eng |
| 043 ## - GEOGRAPHIC AREA CODE |
| Geographic area code |
n-us--- |
| 080 ## - UNIVERSAL DECIMAL CLASSIFICATION NUMBER |
| Universal Decimal Classification number |
349.730264 joh |
| 082 00 - DEWEY DECIMAL CLASSIFICATION NUMBER |
| Classification number |
349.730264 joh |
| -- |
347.300264 |
| Edition number |
20 |
| 100 ## - Rafti |
| Rafti |
16 |
| 101 ## - Shkurtesa |
| Shkurtesa |
khis |
| 245 00 - TITLE STATEMENT |
| Title |
Historic U.S. court cases, 1690-1990 : |
| Statement of responsibility, etc |
[edited] by John W. Johnson. |
| 504 ## - BIBLIOGRAPHY, ETC. NOTE |
| Bibliography, etc |
Includes bibliographical references and indexes. |
| 740 0# - ADDED ENTRY--UNCONTROLLED RELATED/ANALYTICAL TITLE |
| Uncontrolled related/analytical title |
Encyclopedia of historic US court cases, 1690-1990. |
| 906 ## - LOCAL DATA ELEMENT F, LDF (RLIN) |
| a |
7 |
| b |
cbc |
| c |
orignew |
| d |
1 |
| e |
ocip |
| f |
19 |
| g |
y-gencatlg |
| 942 ## - ADDED ENTRY ELEMENTS (KOHA) |
| Source of classification or shelving scheme |
|
| Item type |
Books |